000 00514nam a2200169 i 4500
001 bg
245 0 _aMolecular spectroscopy. Vol.5, A review of the literature published in 1975 and 1976.
260 _aLondon :
_bThe Chemical Society,
_c1978.
490 1 _aA Specialist Periodical Report,
_x0305-9782
830 _aA Specialist Periodical Report,
_x0305-9782
020 _a0851865461
040 _cBPK
041 _apol
920 _a0-85186-546-1
942 _cKS
008 s pl f |000 0 pol
999 _c19255
_d19255
856 _uhttp://koha.tu.koszalin.pl/cgi-bin/koha/opac-detail.pl?biblionumber=19255
_yKatalog online BPK